| 000 | 00000nas 2200000za 4500 |
| 001 | 9.819787 |
| 003 | CaOODSP |
| 005 | 20221107143041 |
| 007 | cr ||||||||||| |
| 008 | 160621d19781993oncar p o f000#a0eng|d |
| 040 | |aCaOODSP|beng |
| 043 | |an-cn--- |
| 086 | 1 |aF1-23/3E-PDF |
| 110 | 1 |aCanada. |bDepartment of Finance. |
| 245 | 14|aThe budget |h[electronic resource]. |
| 246 | 1 |iIssue for 1977 called: |aBudget document |
| 246 | 13|aBudget - Government of Canada, statement of financial transactions |
| 260 | |aOttawa : |bDepartment of Finance Canada, |c19??-1993. |
| 310 | |aAnnual |
| 362 | 1 |aCeased with 1993. |
| 500 | |aIssued also in French under title: Le budget. |
| 500 | |aSubtitle varies. |
| 500 | |aDigitized edition from print [produced by Department of Finance]. |
| 692 | 07|2gccst|aPublic finance |
| 692 | 07|2gccst|aBudgets |
| 775 | 08|tLe budget |w(CaOODSP)9.819789 |
| 785 | 00|tThe budget plan |w(CaOODSP)9.819737 |